Quizzes
Events
Quiz Creation
Community
Videos
Private Events
Remove Ads
Sign In
Join for FREE
Feedback
Dark Mode
Quiz Categories
Sports
Geography
Music
Movies
Television
Just For Fun
Miscellaneous
History
Literature
Language
Science
Gaming
Entertainment
Religion
Holiday
For Kids
Quiz Lab
Recent
Popular Today
Quiz Kudos Today
Editor Picks
Curator Picks
Quizzes by...
Day
Popularity
Type
Ratings
Length
Year
Community
Subscriptions
Recent Discussions
Orange Saloon
Badges
Playlists
Quests
Create
Leaderboards
Showdown
Live 5
Trivia Bingo
Activity
Puzzle Library
Sporcle Events
Private Events
Virtual Trivia
Globe League
Become a Host
Pub Owners
SporcleCon
Opinionation
Our Games
Videos
Blog
Mobile Apps
Partnerships
Remove Ads and Go Orange
Feedback
Gaming
Video Games
Board Games
Card Games
Pokémon
Mario
Nintendo
Minecraft
Console
Toys
Legend of Zelda
Gaming
Video Games
Board Games
Card Games
Pokémon
Mario
Nintendo
Minecraft
Console
Toys
Legend of Zelda
Random Quiz
Search Sporcle
×
Quiz Lab
Quiz Lab
Gaming
Pokémon
Type in answers that appear in a list
Type in answers that appear in a list
Classic
Best Score? Go Orange.
Starter Pokemon by Weight Stats
Can you name the Starter Pokemon by Weight?
By
ishaan212
4m
16 Questions
92 Plays
92 Plays
92 Plays
Comments
Comments
Give Quiz Kudos
Give Quiz Kudos
-
- Ratings
hide this ad
More Info
Forced Order
Answers have to be entered in order
Answers have to be entered in order
Random Order
Randomize order of answers
Randomize order of answers
Replay
Link that replays current quiz
Next Quiz
Link to next quiz in quiz playlist
You Got
0%
They Got
Avg Score
48%
Avg Friend Score
Upgrade to see
Score Distribution
Jump to the score distribution portion of the page
Score
0/16
Timer
04:00
0
Plays Today
Weight
Pokemon
% Correct
5.5 pounds
Torchic
65.2%
19.8 pounds
Squirtle
59.8%
18.7 pounds
Charmander
56.5%
22.5 pounds
Turtwig
56.5%
20.9 pounds
Totodile
54.3%
15.2 pounds
Bulbasaur
53.3%
16.8 pounds
Mudkip
51.1%
11 pounds
Treecko
48.9%
Weight
Pokemon
% Correct
21.8 pounds
Tepig
46.7%
13.7 pounds
Chimchar
45.7%
11.5 pounds
Piplup
44.6%
17.4 pounds
Cyndaquil
43.5%
14.1 pounds
Chikorita
40.2%
17.9 pounds
Snivy
39.1%
13 pounds
Oshawott
37%
13.2 pounds
Pikachu
37%
Quiz Playlist
Details
Report
Send in Message
Add To Playlist
More Info:
Try to guess the starter pokemon for all generations by their weight. First stage evolutions only. Main series games only.
Classic:
Type in answers that appear in a list
Forced Order:
Answers have to be entered in order
Random Order:
Randomize order of answers
Last Updated: Feb 16, 2017
Quiz Scoreboard
CHALLENGE
Sign Up to Join the Scoreboard
Show All
Scores
Hide
Comments
May contain spoilers
Recently Published
Decade Duel: World Leaders
by jenniferyan
History
4m
Alphabetical 'K' Countries by Flag Minefield
by ylime102
Geography
3m
Pick 6: Fruits
by JohnFran
Miscellaneous
15s
More to Explore
Quiz From the Vault
Featured Blog Post
15 Basketball Trivia Facts You Can Be March Mad About
hide this ad
You Might Also Like...
Tags
Pokémon Quiz
fire
grass
Starter
Water
Today's Top Quizzes in Gaming
Browse Gaming
hide this ad
Today's Top Quizzes in Pokémon
Browse Pokémon
Top Contributed Quizzes in Gaming
1
Pokémon Gen IV Logic Puzzle (HARD)
2
HARD Pokemon Logic Puzzle
3
Honkai: Star Rail Technique Names Quiz
4
Order Genshin Impact characters by release date!
5
Genshin Impact Logic Puzzle
6
Magic: the Gathering Set Symbols - LCI
7
Genshin Impact Logic Puzzle Quiz
8
Rainbow Six Siege Operators by Picture
9
Wii Remote Buttons
10
Genshin Impact Logic Puzzle Quiz II
Explore More
Trending Topics
Marvel
Crossword
Harry Potter
Disney
NBA
Anime
Kpop
Song
NFL
WWE
Pokémon
Country
Puzzle
The Office
Soccer
hide this ad
More By:
ishaan212
Quiz
Plays
Rating
Category
Featured
Created
Greek Gods by Animal
226
5.00
Religion
Mar 14, 2011
US Presidents by War
205
2.67
History
Feb 16, 2011
Presidents by Quirky Fact
199
2.25
History
Feb 10, 2011
Generation One Moves #1
98
2.86
Gaming
Feb 9, 2011
Russia's Rule 1922-1991
92
3.00
History
Feb 8, 2011
Go to Creator's Profile
Score Distribution
Quiz Creator Spotlight
ishaan212
Follow
Send a Message
Quizzes Created
-
Created Quiz Play Count
-
More By This Creator
Popular Quizzes Today
1
Countries of Asia Without Outlines Minefield
2
Find the US States - No Outlines Minefield
3
Pick 6: Fruits
4
Alphabetical 'K' Countries by Flag Minefield
5
The Countries of the World
6
Find the Countries of Europe - No Outlines Minefield
7
Find the US States
8
US States
More Gaming Quizzes
Final Fantasy X Magic and Abilities
Quiz Lab
Trending Quizzes
Pick 6: Mountains
Pick 6: Harry Potter
Pick 6: Flags
Pick 6: NFL Teams
Pick 6: Movie Franchises
Recently Updated
NWSL Teams
pecheneg
Women's Final Four Teams by Year
bhenderson79
Presidents Quartet II
eogle
Anything But Clue(do)
eogle
Anything But Oceanian Capitals
eogle
Anything But 7
eogle
Anything But Thing
eogle
Word Ladder: February 29
pecheneg
Song Title Questions
pecheneg
Women's NCAA Tournament #1 Seeds
pecheneg
Trending Topics
Kpop
Disney
Crossword
NBA
Harry Potter
Anime
Marvel
Puzzle
NFL
Soccer
Pokémon
Country
Song
WWE
The Office
Your Account Isn't Verified!
In order to create a playlist on Sporcle, you need to verify the email address you used during registration. Go to your
Sporcle Settings
to finish the process.
Report this User
Report this user for behavior that violates our
Community Guidelines
.
Details:
Send Report
Go to the Sporcle.com Mobile Site →
Comments